400 biggest cities in the world - Statistics

General Stats
  • This quiz has been taken 751 times
  • The average score is 248 of 400
Answer Stats
Population City % Correct
19.03 million Beijing
95%
14.92 million London
95%
22.51 million New York City
95%
41.17 million Tokyo
95%
12.00 million Paris
94%
30.51 million Delhi
93%
17.81 million Los Angeles
93%
17.29 million Moscow
92%
21.80 million Cairo
91%
23.18 million Mexico City
91%
26.00 million Mumbai
91%
12.95 million Rio De Janeiro
91%
25.92 million Seoul
91%
33.95 million Shanghai
91%
4.37 million Berlin
90%
6.43 million Madrid
90%
5.22 million Sydney
90%
4.42 million Barcelona
89%
9.90 million Bogota
89%
15.92 million Buenos Aires
89%
31.62 million Jakarta
89%
2.39 million Lisbon
89%
26.53 million Manila
89%
6.14 million Milan
89%
3.55 million Rome
89%
5.75 million Saint Petersburg
89%
7.00 million Dallas
88%
46.96 million Guangzhou
88%
6.50 million Houston
88%
15.67 million Istanbul
88%
13.00 million Johannesburg
88%
5.00 million Melbourne
88%
6.16 million Miami
88%
23.06 million São Paulo
88%
2.45 million Amsterdam
87%
3.45 million Athens
87%
7.84 million Boston
87%
9.90 million Chicago
87%
9.92 million Lima
87%
7.92 million San Francisco
87%
18.42 million Bangkok
86%
2.55 million Budapest
86%
4.20 million Cape Town
86%
3.50 million Kiev
86%
3.00 million Manchester
86%
2.21 million Munich
86%
17.47 million Osaka
86%
7.23 million Philadelphia
86%
2.80 million Sana’a
86%
2.12 million Stockholm
86%
7.59 million Toronto
86%
2.30 million Warsaw
86%
8.21 million Washington D.C.
86%
5.90 million Atlanta
85%
3.10 million Birmingham
85%
3.86 million Hanoi
85%
7.72 million Hong Kong
85%
7.06 million Santiago
85%
4.29 million Seattle
85%
15.47 million Tehran
85%
2.20 million Vienna
85%
5.10 million Ankara
84%
6.93 million Baghdad
84%
2.58 million Brussels
84%
21.02 million Dhaka
84%
5.42 million Dubai
84%
8.26 million Ho Chi Minh City
84%
18.92 million Lagos
84%
4.19 million Montreal
84%
4.36 million Phoenix
84%
2.85 million Vancouver
84%
4.04 million Brasília
83%
2.12 million Bucharest
83%
5.82 million Detroit
83%
3.27 million Frankfurt
83%
8.29 million Kuala Lumpur
83%
4.14 million Naples
83%
2.05 million Perth
83%
3.40 million San Diego
83%
7.96 million Singapore
83%
9.71 million Wuhan
83%
5.90 million Alexandria
82%
3.68 million Caracas
82%
1.50 million Copenhagen
82%
2.87 million Hamburg
82%
17.93 million Karachi
82%
17.02 million Kolkata
82%
1.50 million Marseille
82%
3.95 million Algiers
81%
3.60 million Denver
81%
1.94 million Lyon
81%
6.00 million Nairobi
81%
1.40 million Porto
81%
1.40 million Prague
81%
2.30 million San Jose
81%
1.50 million Glasgow
80%
12.90 million Kinshasa
80%
12.81 million Lahore
80%
2.38 million Portland
80%
8.00 million Riyadh
80%
9.80 million Taipei
80%
6.59 million Xi’an
80%
1.90 million Austin
79%
4.30 million Casablanca
79%
3.60 million Dakar
79%
2.25 million Las Vegas
79%
3.15 million Minneapolis
79%
2.00 million Minsk
79%
2.95 million Pyongyang
79%
3.27 million Rotterdam
79%
2.55 million Tel-Aviv-Jaffa
79%
2.55 million Tunis
79%
11.25 million Chennai
78%
5.07 million Cologne / Düsseldorf
78%
3.90 million Damascus
78%
1.80 million Liverpool
78%
3.46 million Orlando
78%
2.60 million Quito
78%
2.14 million San Antonio
78%
4.28 million Tampa
78%
3.90 million Addis Ababa
77%
12.05 million Bangalore
77%
3.10 million Brisbane
77%
6.30 million Dar Es Salaam
77%
5.40 million Guadalajara
77%
2.20 million Havana
77%
4.28 million Kabul
77%
2.10 million La Paz
77%
8.09 million Luanda
77%
1.40 million Panama City
77%
1.40 million Abu Dhabi
76%
3.07 million Guatemala City
76%
6.29 million Khartoum
76%
2.01 million Rabat
76%
1.78 million | 2.00 million Valencia
76%
5.20 million Accra
75%
5.50 million Amman
75%
1.40 million Belgrade
75%
10.52 million | 2.25 million Hyderabad
75%
2.01 million Kansas City
74%
4.40 million Kuwait City
74%
2.10 million Leeds
74%
4.04 million Medellin
74%
1.90 million Mogadishu
74%
11.83 million Nagoya
74%
12.36 million Tianjin
74%
1.40 million Zurich
74%
1.60 million Beirut
73%
5.10 million Belo Horizonte
73%
2.45 million Charlotte
73%
3.00 million Cleveland
73%
3.02 million Kathmandu
73%
2.08 million Mecca
73%
1.80 million Montevideo
73%
1.40 million Nashville
73%
2.30 million Saint Louis
73%
3.97 million Santo Domingo
73%
2.47 million Sapporo
73%
1.50 million Turin
73%
9.90 million Xiamen
73%
3.55 million Abuja
72%
2.50 million Baku
72%
9.81 million Chengdu
72%
2.73 million Cincinnati
72%
2.00 million Indianapolis
72%
1.40 million Jacksonville
72%
3.50 million Kampala
72%
5.04 million Monterrey
72%
2.00 million Phnom Penh
72%
3.20 million Port-au-Prince
72%
8.16 million Ahmedabad
71%
4.12 million Busan
71%
2.30 million Asunción
70%
8.14 million Chongqing
70%
2.56 million Lusaka
70%
2.25 million Maputo
70%
6.45 million Nanjing
70%
2.30 million Stuttgart
70%
4.40 million Colombo
69%
1.60 million Columbus
69%
3.45 million Durban
69%
4.91 million Jeddah
69%
6.52 million Pune
69%
3.46 million Yaounde
69%
3.50 million Bamako
68%
1.40 million Calgary
68%
2.00 million Harare
68%
3.00 million Izmir
68%
1.40 million Muscat
68%
2.00 million Sacramento
68%
2.34 million Salt Lake City
68%
3.60 million Salvador
68%
3.18 million Tashkent
68%
5.50 million Yangon
68%
2.23 million Brazzaville
67%
2.90 million Cali
67%
5.15 million Harbin
67%
1.85 million Hiroshima
67%
3.90 million Jaipur
67%
1.40 million Milwaukee
67%
2.00 million Pittsburgh
67%
5.52 million Abidjan
66%
4.55 million Chittagong
66%
3.60 million Fortaleza
66%
6.10 million Surabaya
66%
1.90 million Tijuana
66%
1.90 million Aleppo
65%
4.37 million Kano
65%
1.50 million Kharkiv
65%
3.90 million Recife
65%
1.87 million San Salvador
65%
2.08 million Lomé
64%
2.10 million Manaus
64%
6.45 million Surat
64%
4.10 million Urumqi
64%
3.60 million Lucknow
63%
1.40 million Medina
63%
1.39 million Ulan Bator
63%
1.40 million Yerevan
63%
2.10 million Almaty
62%
6.91 million Bandung
62%
1.65 million Freetown
62%
4.10 million Porto Alegre
62%
6.10 million Qingdao
62%
1.42 million Sheffield
62%
2.50 million Conakry
61%
4.30 million Dalian
61%
1.90 million San Juan
61%
2.26 million Agra
60%
4.57 million Changsha
60%
2.67 million Fukuoka
60%
4. 05 million Fuzhou
60%
4.95 million Hefei
60%
1.52 million Nizhny Novgorod
60%
2.20 million Belem
59%
4.20 million Kunming
59%
3.49 million Nanning
59%
1.40 million Ndjamena
59%
2.51 million Ouagadougou
59%
8.00 million Shenyang
59%
3.45 million Curitiba
58%
3.18 million Mashhad
58%
4.00 million Medan
58%
1.43 million Monrovia
58%
3.29 million Nagpur
58%
3.10 million Puebla
58%
5.10 million Zhengzhou
58%
1.50 million Córdoba
57%
3.60 million Faisalabad
57%
3.50 million Kanpur
57%
1.40 million Manama
57%
1.50 million Yekaterinburg
57%
2.60 million Cebu
56%
3.45 million Douala
56%
3.57 million Ibadan
56%
1.40 million Newcastle
56%
2.08 million Barranquilla
55%
2.69 million Daegu
55%
1.40 million Donetsk
55%
2.10 million George Town
55%
1.50 million Novosibirsk
55%
3.45 million Rawalpindi
55%
3.18 million Indore
54%
1.39 million Mosul
54%
7.81 million Shantou
54%
5.26 million Wenzhou
54%
4.30 million Jinan
53%
1.40 million Mandalay
52%
2.50 million Maracaibo
52%
3.30 million Ningbo
52%
2.10 million Santa Cruz
52%
5.80 million The Ruhr
52%
1.39 million Ashgabat
51%
2.30 million Bhopal
51%
1.91 million Leon
51%
1.40 million Oran
51%
2.55 million Patna
51%
1.49 million Virginia Beach
51%
1.40 million Basra
50%
2.05 million Bursa
50%
1.40 million Ciudad Juarez
50%
1.52 million Adana
49%
1.50 million Benin City
49%
3.60 million Changchun
49%
2.50 million Dammam
49%
1.40 million Denpasar
49%
3.00 million Kumasi
49%
2.90 million Lanzhou
49%
2.30 million Port Harcourt
49%
4.30 million Shijiazhuang
49%
2.60 million Coimbatore
48%
1.65 million Shiraz
48%
4.10 million Taiyuan
48%
1.43 million Davao
47%
1.90 million Gaza
47%
2.70 million Kaohsiung
47%
2.30 million Peshawar
47%
1.75 million Tabriz
47%
1.90 million Varanasi
47%
2.30 million Goiania
46%
3.50 million Zibo
46%
2.12 million Lubumbashi
45%
1.40 million Natal
45%
1.40 million Sendai
45%
1.40 million Chelyabinsk
44%
2.30 million Toluca
44%
1.90 million Makassar
43%
3.38 million Guiyang
42%
1.40 million São Luis
42%
2.55 million Anshan
41%
2.90 million Bhilai
41%
2.30 million Taichung
41%
1.50 million Gaziantep
40%
2.70 million Gujranwala
40%
1.43 million Kochi
40%
2.10 million Multan
40%
1.52 million Palembang
40%
1.40 million Allahabad
39%
1.42 million Mannheim
39%
2.05 million Mbuji-Mayi
39%
2.12 million Vadodara
39%
1.80 million Haikou
38%
1.80 million Hohhot
38%
1.40 million Jillin
38%
1.40 million Jodhpur
38%
2.12 million Okayama
38%
1.52 million Santos
38%
2.20 million Semarang
38%
1.39 million Amritsar
37%
1.40 million Angeles
37%
2.20 million Baotou
37%
1.52 million Hartford
37%
2.00 million Linyi
37%
2.85 million Tangshan
37%
2.10 million Yantai
37%
1.90 million Yogyakarta
37%
2.80 million Huizhou
36%
1.84 million Kaduna
36%
2.00 million Kitakyushu
36%
1.95 million Ludhiana
36%
2.50 million Luoyang
36%
2.30 million Taizhou
36%
2.00 million Liuzhou
35%
1.67 million Madurai
35%
1.49 million Surakarta
35%
2.08 million Baoding
34%
2.04 million Cixi
34%
1.50 million Datong
34%
1.47 million Srinagar
34%
2.31 million Chandigarh
33%
1.40 million Maracay
33%
2.00 million Nantong
33%
1.85 million Rajkot
33%
1.96 million Weifang
33%
3.90 million Nanchong
32%
1.80 million Vitoria
32%
1.40 million Wuhu
32%
2.10 million Xinxiang
32%
1.72 million Aurangabad
31%
1.40 million Jabalpur
31%
1.52 million Meerut
31%
1.40 million Ranchi
31%
2.00 million Vijayawada
30%
1.90 million Yangzhou
30%
1.49 million Asansol
29%
1.40 million Cochabamba
29%
1.50 million Jamshedpur
29%
1.42 million Guilin
27%
1.95 million Huai’an
27%
2.05 million Nasik
26%
1.50 million Handan
25%
2.43 million Jiangyin
25%
1.40 million Bengbu
24%
1.90 million Bhubaneswar
24%
1.39 million Tiruppur
24%
1.80 million Xiangyang
24%
2.83 million Xuhou
24%
1.40 million Gangzhou
23%
1.60 million Malang
23%
1.40 million Tai’an
22%
1.52 million Anyang
21%
1.75 million Cotnou
21%
1.49 million Cwangju
21%
1.40 million Maoming
21%
1.40 million Vologograd
21%
1.54 million Zhuhai
20%
1.39 million Gwalior
19%
1.40 million Taejon
19%
1.40 million Yinchuan
19%
1.50 million Yiwu
19%
1.51 million Hengyang
18%
1.40 million Huaibei
18%
1.40 million Qureetaro
18%
1.40 million Xining
18%
1.40 million Zhangjiakou
17%
1.39 million Xiangtan
13%
1.40 million Jiaozuo
12%
1.40 million Xingtai
6%
No matching quizzes found
Score Distribution
Percent of People with Each Score
Percentile by Number Answered
Your Score History
You have not taken this quiz